| 000 -ლიდერი |
| ფიქსირებული სიგრძის საკონტროლო ველი |
01501nam a22002057a 4500 |
| 003 - საკონტროლო ნომრის იდენტიფიკატორი |
| საკონტროლო ველი |
Ge_BSU |
| 005 - ბოლო ოპერაციის თარიღი და დრო |
| საკონტროლო ველი |
20211220110032.0 |
| 008 - ფიქსირებული სიგრძის მონაცემთა ელემენტები - ზოგადი ინფორმაცია |
| ფიქსირებული სიგრძის საკონტროლო ველი |
211217s2021 ge ||||| |||| 00| 0 geo d |
| 020 ## - წიგნის საერთაშორისო სტანდარტული ნომერი |
| International Standard Book Number |
9789941833519 |
| 041 ## - ენის კოდი |
| Language code of text/sound track or separate title |
geo |
| 080 ## - უნივერსალური ათობითი კლასიფიკაციის ინდექსი |
| Universal Decimal Classification number |
364.63-027.555(075.8) ხ-30 |
| 100 ## - მთავარი ჩანაწერი - პიროვნების სახელი |
| Personal name |
ხატიაშვილი, გოგა |
| 9 (RLIN) |
13301 |
| 245 ## - ცნობა სათაურის შესახებ |
| Title |
სახელმძღვანელო ქალთა და ბავშვთა მიმართ ძალადობისა და ოჯახში ძალადობის წინააღმდეგ ბრძოლის საკითხებზე : |
| Remainder of title |
კანონის განმარტებები და პრაქტიკული საკითხები (2021 წლის 31 მაისის მდგომარეობით) / |
| Statement of responsibility, etc |
გოგა ხატიაშვილი. |
| 264 ## - წარმოების, გამოცემის, დისტრიბუციის და სხვა ცნობები |
| გამოცემის, წარმოების, დისტრიბუციის... ადგილი |
თბილისი, |
| გამოცემის, წარმოების, დისტრიბუციის... თარიღი |
2021. |
| 300 ## - ფიზიკური აღწერა |
| Extent |
280 გვ. ; |
| Other physical details |
23 სმ. |
| 504 ## - BIBLIOGRAPHY, ETC. NOTE |
| Bibliography, etc |
ბიბლიოგრაფია ტექსტის შენიშვნებში. |
| 653 ## - INDEX TERM--UNCONTROLLED |
| Uncontrolled term |
ოჯახური ძალადობა |
| 856 ## - ELECTRONIC LOCATION AND ACCESS |
| Uniform Resource Identifier |
http://ewmi-prolog.org/images/files/6703%E1%83%92%E1%83%9D%E1%83%92%E1%83%90%E1%83%AE%E1%83%90%E1%83%A2%E1%83%98%E1%83%90%E1%83%A8%E1%83%95%E1%83%98%E1%83%9A%E1%83%98_%E1%83%A1%E1%83%90%E1%83%AE%E1%83%94%E1%83%9A%E1%83%9B%E1%83%AB%E1%83%A6%E1%83%95%E1%83%90%E1%83%9C%E1%83%94%E1%83%9A%E1%83%9D_PRINT.pdf |
| Link text |
ელ. ვერსია |
| 942 ## - ADDED ENTRY ELEMENTS (KOHA) |
| Source of classification or shelving scheme |
|
| Koha item type |
წიგნი |